[Event "40 Obert Ciutat de Badalona 2014 B"]
[Site "Badalona ESP"]
[Date "2014.08.02"]
[Round "1.1"]
[White "Arroyo Vega, Valenti"]
[Black "Domenche Redondo, Francesc"]
[Result "1-0"]
[WhiteElo "2084"]
[BlackElo "1906"]
[PlyCount "113"]
[EventDate "2014.08.02"]
[EventType "swiss"]
[EventRounds "9"]
[EventCountry "ESP"]
[Source "lmi"]
[SourceDate "2014.08.02"]

1. e4 e5 2. Nf3 Nf6 3. Nc3 Nc6 4. Bb5 Bb4 5. O-O O-O 6. d3 Bxc3 7. bxc3 d6 8.
Bg5 Bg4 9. Re1 h6 10. Bh4 g5 11. Bg3 Nh5 12. h3 Be6 13. Nxe5 Nxg3 14. Nxc6 bxc6
15. Bxc6 Nxe4 16. Rxe4 Rb8 17. Rb4 Qf6 18. d4 d5 19. Ba4 Qf4 20. Rab1 Rb6 21.
Rxb6 axb6 22. Qd3 g4 23. hxg4 Bxg4 24. Qe3 Qd6 25. Bb3 Bd7 26. Re1 Re8 27. Qd2
Re6 28. Rxe6 Qxe6 29. Qe3 Qc6 30. Qg3+ Kh7 31. Qd3+ Kg8 32. c4 dxc4 33. Qxc4
Qxc4 34. Bxc4 Kg7 35. Kh2 Kf6 36. Kg3 Bf5 37. c3 Bb1 38. Kf4 Bf5 39. Bd5 Bd7
40. Ke3 Ke7 41. Kd3 Bf5+ 42. Kc4 f6 43. Kb5 Kd6 44. Bf3 Bd3+ 45. c4 Bf1 46. Kb4
c6 47. c5+ Kc7 48. d5 bxc5+ 49. Kxc5 cxd5 50. Bxd5 h5 51. g3 Be2 52. a4 f5 53.
f4 Kd7 54. a5 Kc7 55. Be6 Bd3 56. Bf7 Be2 57. Bg6 1-0

[Event "40 Obert Ciutat de Badalona 2014 B"]
[Site "Badalona ESP"]
[Date "2014.08.02"]
[Round "1.2"]
[White "Fernandez Pintado, Xavier"]
[Black "Ramal Mata, Rodrigo"]
[Result "1-0"]
[WhiteElo "1905"]
[BlackElo "2084"]
[PlyCount "97"]
[EventDate "2014.08.02"]
[EventType "swiss"]
[EventRounds "9"]
[EventCountry "ESP"]
[Source "lmi"]
[SourceDate "2014.08.02"]

1. d4 Nf6 2. c4 e5 3. Bg5 Bb4+ 4. Nc3 h6 5. Bh4 g5 6. Bg3 Ne4 7. Qd3 Nxg3 8.
hxg3 Qe7 9. a3 e4 10. Qe3 Bxc3+ 11. Qxc3 Qf6 12. e3 Nc6 13. Ne2 Ne7 14. Qc2 Qg6
15. Nc3 f5 16. Nb5 Qc6 17. Qc3 d5 18. Qb3 Qb6 19. Qd1 Be6 20. c5 Qc6 21. Nc3 a6
22. b4 Qd7 23. b5 axb5 24. Nxb5 Ng6 25. a4 Ke7 26. Qc2 h5 27. Rc1 c6 28. Nd6
Qc7 29. Rb1 Ra7 30. Qb3 h4 31. Qxb7 Rxb7 32. Rxb7 Qxb7 33. Nxb7 Rb8 34. Na5 Bd7
35. gxh4 gxh4 36. Be2 Ra8 37. Nb7 Rxa4 38. O-O Kf6 39. f3 f4 40. fxe4 Kg5 41.
exd5 fxe3 42. Nd8 Rxd4 43. dxc6 Nf4 44. Nf7+ Kf6 45. cxd7 Kg7 46. Rxf4 Rxf4 47.
d8=Q Rxf7 48. Qg5+ Kf8 49. Qxe3 1-0

[Event "40 Obert Ciutat de Badalona 2014 B"]
[Site "Badalona ESP"]
[Date "2014.08.02"]
[Round "1.3"]
[White "Garcia I Riera, Josep"]
[Black "Flores Mendoza, Jose Antonio"]
[Result "1-0"]
[WhiteElo "2080"]
[BlackElo "1905"]
[PlyCount "59"]
[EventDate "2014.08.02"]
[EventType "swiss"]
[EventRounds "9"]
[EventCountry "ESP"]
[Source "lmi"]
[SourceDate "2014.08.02"]

1. d4 e6 2. Nf3 d5 3. c4 Be7 4. Nc3 c6 5. e3 Nf6 6. Bd3 O-O 7. O-O Nbd7 8. e4
dxe4 9. Nxe4 Nxe4 10. Bxe4 Nf6 11. Bc2 c5 12. Qd3 cxd4 13. Bg5 g6 14. Rfe1 Bc5
15. Ne5 Be7 16. Rad1 Qa5 17. a3 Rd8 18. b4 Qc7 19. Qf3 Kg7 20. h4 h5 21. Bxg6
fxg6 22. Qd3 Rf8 23. Qxg6+ Kh8 24. Bh6 Bd6 25. Bxf8 Bxe5 26. Rxe5 Nh7 27. Rxh5
e5 28. Bd6 Bf5 29. Qxf5 Qxd6 30. Qxh7# 1-0

[Event "40 Obert Ciutat de Badalona 2014 B"]
[Site "Badalona ESP"]
[Date "2014.08.02"]
[Round "1.4"]
[White "Archs Garriga, Ignasi"]
[Black "Sumelzo Lozano, Josep"]
[Result "0-1"]
[WhiteElo "1898"]
[BlackElo "2078"]
[PlyCount "68"]
[EventDate "2014.08.02"]
[EventType "swiss"]
[EventRounds "9"]
[EventCountry "ESP"]
[Source "lmi"]
[SourceDate "2014.08.02"]

1. c4 Nf6 2. Nc3 e6 3. e4 d5 4. e5 Nfd7 5. d4 dxc4 6. Bxc4 c5 7. d5 Nxe5 8.
Bb5+ Bd7 9. dxe6 fxe6 10. Qh5+ Nf7 11. Bf4 Bxb5 12. Nxb5 Qa5+ 13. Nc3 Nc6 14.
Qg4 e5 15. Qe6+ Be7 16. Bd2 Nd4 17. Qxe7+ Kxe7 18. Nd5+ Kd6 19. Bxa5 Kxd5 20.
O-O-O b6 21. Bc3 Kc6 22. h4 Rhf8 23. b4 Nd6 24. bxc5 bxc5 25. f3 N6f5 26. Re1
Rae8 27. Rh3 Kd5 28. Ne2 Nxe2+ 29. Rxe2 Nd4 30. Rd2 e4 31. fxe4+ Rxe4 32. Bxd4
Rxd4 33. Rxd4+ Kxd4 34. Rf3 Rxf3 0-1

[Event "40 Obert Ciutat de Badalona 2014 B"]
[Site "Badalona ESP"]
[Date "2014.08.02"]
[Round "1.5"]
[White "Lopez Atay, Diana Ruth"]
[Black "Oliva Anell, Judith"]
[Result "1/2-1/2"]
[WhiteElo "2076"]
[BlackElo "1898"]
[PlyCount "66"]
[EventDate "2014.08.02"]
[EventType "swiss"]
[EventRounds "9"]
[EventCountry "ESP"]
[Source "lmi"]
[SourceDate "2014.08.02"]

1. e4 e5 2. Nf3 Nc6 3. Bb5 f5 4. d3 fxe4 5. dxe4 Nf6 6. O-O Bc5 7. Nc3 d6 8.
Bg5 O-O 9. Na4 Bb6 10. Nxb6 axb6 11. c3 Be6 12. Qc2 Qe8 13. Bh4 Qh5 14. Bg3 Ng4
15. Be2 Qh6 16. Nh4 Ne7 17. Qd1 Nf6 18. Bd3 Nh5 19. Nf3 Nf4 20. Bxf4 Qxf4 21.
Qd2 Ng6 22. Rfd1 h6 23. Qxf4 Nxf4 24. Ne1 Rxa2 25. Rxa2 Bxa2 26. Ra1 Nxd3 27.
Nxd3 Bc4 28. Nb4 Ba6 29. Nxa6 Ra8 30. Rd1 Rxa6 31. Kf1 Ra4 32. f3 Ra2 33. Rd2
Kf7 1/2-1/2

[Event "40 Obert Ciutat de Badalona 2014 B"]
[Site "Badalona ESP"]
[Date "2014.08.02"]
[Round "1.6"]
[White "Gouma, Ronald"]
[Black "Catarineu Navines, Federico"]
[Result "0-1"]
[WhiteElo "1897"]
[BlackElo "2075"]
[PlyCount "116"]
[EventDate "2014.08.02"]
[EventType "swiss"]
[EventRounds "9"]
[EventCountry "ESP"]
[Source "lmi"]
[SourceDate "2014.08.02"]

1. e4 c5 2. Nf3 d6 3. d4 cxd4 4. Nxd4 Nf6 5. Nc3 a6 6. f3 e5 7. Nb3 Be6 8. Be3
Nbd7 9. Qd2 Qc7 10. O-O-O Rc8 11. Kb1 Be7 12. g4 b5 13. g5 Nh5 14. Nd5 Bxd5 15.
exd5 Nb6 16. Bxb6 Qxb6 17. Bh3 Rc7 18. Bg4 Nf4 19. h4 O-O 20. Rhe1 b4 21. Re4
a5 22. Nc1 f5 23. gxf6 Bxf6 24. Nd3 Rb8 25. Nxf4 exf4 26. Rxf4 a4 27. Rxf6 gxf6
28. Qh6 b3 29. Be6+ Kh8 30. Qxf6+ Rg7 31. cxb3 axb3 32. h5 bxa2+ 33. Ka1 Qd8
34. Qc3 Qg5 35. f4 Qxf4 36. Rg1 Qe5 37. Rxg7 Qxg7 38. Qxg7+ Kxg7 39. Kxa2 Kh6
40. Bg4 Kg5 41. Bf3 Kf4 42. Bd1 Rb5 43. Bb3 Ra5+ 44. Kb1 Kg5 45. Bc2 h6 46. Bg6
Rxd5 47. Kc2 Kf4 48. b4 Rb5 49. Kc3 Ke5 50. Kc4 Rb8 51. b5 d5+ 52. Kc5 Rc8+ 53.
Kb6 Kd6 54. Kb7 Rc4 55. b6 Rb4 56. Ka7 d4 57. Be4 Rb3 58. b7 Kc7 0-1

[Event "40 Obert Ciutat de Badalona 2014 B"]
[Site "Badalona ESP"]
[Date "2014.08.02"]
[Round "1.7"]
[White "Fernandez Egea, Andres"]
[Black "Torralba Brosa, Marc"]
[Result "0-1"]
[WhiteElo "2075"]
[BlackElo "1895"]
[PlyCount "144"]
[EventDate "2014.08.02"]
[EventType "swiss"]
[EventRounds "9"]
[EventCountry "ESP"]
[Source "lmi"]
[SourceDate "2014.08.02"]

1. e4 c5 2. Nf3 g6 3. d4 cxd4 4. Nxd4 Nc6 5. Nxc6 bxc6 6. Bc4 Bg7 7. Nc3 Nf6 8.
Bb3 O-O 9. O-O d6 10. Bf4 Qa5 11. Qd2 Qh5 12. Rad1 Bb7 13. f3 Rfd8 14. Ne2 Qb5
15. c3 a5 16. c4 Qb6+ 17. Be3 c5 18. Nc3 Bc6 19. Na4 Bxa4 20. Bxa4 Nd7 21. Bb5
Nb8 22. Bh6 Nc6 23. Bxg7 Kxg7 24. f4 Nd4 25. a4 Rf8 26. f5 Qb7 27. Rf4 Kh8 28.
Rh4 Rg8 29. Qh6 Rg7 30. fxg6 Nf3+ 31. Kh1 Nxh4 32. Qxh4 Rxg6 33. Rf1 e5 34. h3
Rag8 35. Rf2 f6 36. Qh5 Qxe4 37. Qe2 Qxe2 38. Rxe2 f5 39. Bc6 Rg3 40. Bd7 f4
41. Rd2 R8g6 42. Bf5 Rh6 43. Be4 Kg7 44. Kg1 Kf7 45. Kf2 Ke7 46. Ke2 Kd7 47.
Bf3 Rf6 48. Kd3 Rf7 49. Ke4 Rg8 50. Rd3 Rb8 51. b3 Rb4 52. Kd5 Re7 53. Be4 Rb8
54. Bf5+ Kc7 55. Ke4 Rg8 56. Bg4 h5 57. Bf3 h4 58. Bg4 Reg7 59. Kf5 Rg5+ 60.
Ke4 Rxg4 61. hxg4 Rxg4 62. Rd2 Rg3 63. Rb2 Re3+ 64. Kf5 h3 65. gxh3 Rxh3 66.
Ke6 Re3 67. Rg2 Rxb3 68. Rg7+ Kc6 69. Rg8 Rg3 70. Ra8 f3 71. Rxa5 f2 72. Ra6+
Kb7 0-1

[Event "40 Obert Ciutat de Badalona 2014 B"]
[Site "Badalona ESP"]
[Date "2014.08.02"]
[Round "1.8"]
[White "Planas Sarmiento, Juan"]
[Black "Reginaldo Huix, Pere"]
[Result "1/2-1/2"]
[WhiteElo "1892"]
[BlackElo "2075"]
[PlyCount "54"]
[EventDate "2014.08.02"]
[EventType "swiss"]
[EventRounds "9"]
[EventCountry "ESP"]
[Source "lmi"]
[SourceDate "2014.08.02"]

1. e4 e6 2. d4 f5 3. Nc3 d5 4. exf5 exf5 5. Bd3 Nf6 6. Bg5 Be7 7. Bxf6 Bxf6 8.
Qe2+ Kf7 9. O-O-O c6 10. Nf3 Re8 11. Ne5+ Bxe5 12. dxe5 Qg5+ 13. Kb1 Nd7 14. h4
Qh6 15. f4 Nc5 16. Qf2 Ne4 17. Bxe4 fxe4 18. Qe2 Qg6 19. Rdf1 Kg8 20. Rhg1 Bg4
21. Qf2 Rf8 22. Nd1 Bxd1 23. Rxd1 Qg4 24. Rdf1 b6 25. g3 h5 26. Qe2 Rfd8 27. c3
Rd7 1/2-1/2

[Event "40 Obert Ciutat de Badalona 2014 B"]
[Site "Badalona ESP"]
[Date "2014.08.02"]
[Round "1.9"]
[White "Atienza Roy, Jesus"]
[Black "Olive Alier, Tomas"]
[Result "1/2-1/2"]
[WhiteElo "2066"]
[BlackElo "1885"]
[PlyCount "90"]
[EventDate "2014.08.02"]
[EventType "swiss"]
[EventRounds "9"]
[EventCountry "ESP"]
[Source "lmi"]
[SourceDate "2014.08.02"]

1. e4 c5 2. Nf3 e6 3. d4 cxd4 4. Nxd4 a6 5. c4 Qc7 6. Be2 Nf6 7. Qd3 Qe5 8. Nd2
Bb4 9. f3 O-O 10. O-O Bc5 11. N2b3 Ba7 12. Bd2 Nc6 13. Bc3 Qc7 14. f4 e5 15.
fxe5 Nxe5 16. Qg3 Nxe4 17. Qf4 Nxc3 18. bxc3 d6 19. Kh1 Nxc4 20. Rf3 Ne5 21.
Rg3 Ng6 22. Qg5 Re8 23. Rf1 Re5 24. Qd2 Bd7 25. Nf3 Be3 26. Qb2 Re7 27. Nfd4
Rae8 28. c4 Bh6 29. Bd3 Re1 30. Nd2 Rxf1+ 31. Bxf1 Re1 32. N4f3 Re3 33. h4 Bf4
34. Qd4 Bxg3 35. Qxe3 Bf4 36. Qb3 Bg4 37. Ne4 Qe7 38. Neg5 h6 39. Nh3 Bxh3 40.
gxh3 Qe3 41. Qxb7 Ne5 42. Nxe5 Bxe5 43. Qc8+ Kh7 44. Qf5+ Kg8 45. Qc8+ Kh7
1/2-1/2

[Event "40 Obert Ciutat de Badalona 2014 B"]
[Site "Badalona ESP"]
[Date "2014.08.02"]
[Round "1.10"]
[White "Sanchez Paz, Josep"]
[Black "Pla Carulla, Joaquim"]
[Result "0-1"]
[WhiteElo "1882"]
[BlackElo "2065"]
[PlyCount "70"]
[EventDate "2014.08.02"]
[EventType "swiss"]
[EventRounds "9"]
[EventCountry "ESP"]
[Source "lmi"]
[SourceDate "2014.08.02"]

1. d4 d5 2. c4 c6 3. e3 Nf6 4. Nc3 Bf5 5. Qb3 e6 6. Qxb7 Nbd7 7. Qxc6 Bb4 8. c5
O-O 9. Qa4 Bxc3+ 10. bxc3 Ne4 11. Ne2 Nexc5 12. dxc5 Nxc5 13. Qd4 Nd3+ 14. Kd1
Nxf2+ 15. Ke1 Nxh1 16. Qf4 Qb8 17. Ng1 Rc8 18. Qxb8 Raxb8 19. Bd2 Rb2 20. Nf3
Rcb8 21. Ke2 Bg4 22. Rd1 Rxa2 23. g3 Bxf3+ 24. Kxf3 Rbb2 25. Be1 Nf2 26. Rd4
Ne4 27. c4 Ng5+ 28. Kg4 h6 29. cxd5 exd5 30. Rxd5 Ra4+ 31. Kf5 Rb6 32. Rd8+ Kh7
33. Bc3 Re4 34. Bxg7 Kxg7 35. h4 Rf6# 0-1

[Event "40 Obert Ciutat de Badalona 2014 B"]
[Site "Badalona ESP"]
[Date "2014.08.03"]
[Round "2.1"]
[White "Pallares Gurrea, Aitor Alexander"]
[Black "Arroyo Vega, Valenti"]
[Result "1/2-1/2"]
[WhiteElo "1956"]
[BlackElo "2084"]
[PlyCount "69"]
[EventDate "2014.08.02"]
[EventType "swiss"]
[EventRounds "9"]
[EventCountry "ESP"]
[Source "lmi"]
[SourceDate "2014.08.02"]

1. d4 Nf6 2. c4 e6 3. Nf3 b6 4. Nc3 Bb7 5. e3 Be7 6. Bd3 O-O 7. O-O d5 8. b3
Nbd7 9. Bb2 Ne4 10. Nd2 f5 11. Ndxe4 dxe4 12. Be2 Nf6 13. Qc2 Qe8 14. f3 c5 15.
d5 exd5 16. cxd5 Bd6 17. Nb5 Bb8 18. Bxf6 Rxf6 19. fxe4 fxe4 20. Rxf6 gxf6 21.
Rd1 Qe5 22. d6 a6 23. Nc7 Bxc7 24. dxc7 Qxc7 25. Qc4+ Kg7 26. Qe6 Rd8 27. Rf1
Rd6 28. Qg4+ Kh8 29. Bc4 Qd8 30. a4 Bd5 31. Bxd5 Rxd5 32. Qxe4 Rd1 33. Qf3
Rxf1+ 34. Qxf1 a5 35. Qc4 1/2-1/2

[Event "40 Obert Ciutat de Badalona 2014 B"]
[Site "Badalona ESP"]
[Date "2014.08.03"]
[Round "2.2"]
[White "Murat Huertas, Eduard"]
[Black "Garcia I Riera, Josep"]
[Result "1-0"]
[WhiteElo "1952"]
[BlackElo "2080"]
[PlyCount "161"]
[EventDate "2014.08.02"]
[EventType "swiss"]
[EventRounds "9"]
[EventCountry "ESP"]
[Source "lmi"]
[SourceDate "2014.08.02"]

1. e4 Nf6 2. e5 Nd5 3. d4 d6 4. exd6 cxd6 5. Bc4 Nb6 6. Bb3 g6 7. Nf3 Bg7 8.
Ng5 d5 9. h3 O-O 10. O-O Nc6 11. c3 e5 12. dxe5 Nxe5 13. a4 Bf5 14. a5 Nbc4 15.
Na3 Nxa5 16. Qxd5 Nxb3 17. Qxb3 h6 18. f4 hxg5 19. fxe5 g4 20. hxg4 Bxg4 21.
Bf4 Qe7 22. Rae1 Qc5+ 23. Rf2 Rae8 24. Qb5 Qxb5 25. Nxb5 f6 26. e6 Rxe6 27.
Rxe6 Bxe6 28. Nxa7 Bc4 29. Be3 Re8 30. Bd4 f5 31. Rd2 Bh6 32. Rf2 Kf7 33. g4 f4
34. b4 Re1+ 35. Kg2 Bd5+ 36. Kh3 Rh1+ 37. Rh2 Rd1 38. Kh4 f3 39. g5 Bf8 40. Nc8
Ke6 41. Nb6 Bb3 42. Kg3 Bd6+ 43. Kh3 Bxh2 44. Kxh2 Kf5 45. Kg3 Ke4 46. Nd7 Kf5
47. Kxf3 Rd3+ 48. Kf2 Bc4 49. Ne5 Rd2+ 50. Kg3 b5 51. Nf3 Re2 52. Bf6 Ke4 53.
Nh4 Bf7 54. Ng2 Rd2 55. Nf4 Rd1 56. Ne2 Rd3+ 57. Kf2 Bc4 58. Ng3+ Kf4 59. Ne2+
Kg4 60. Nd4 Rxc3 61. Nc6 Rc2+ 62. Ke3 Re2+ 63. Kd4 Kf5 64. Ne7+ Kg4 65. Nxg6
Rd2+ 66. Ke5 Rb2 67. Be7 Bf7 68. Nh8 Re2+ 69. Kf6 Bc4 70. g6 Re6+ 71. Kf7 Re1+
72. Kf8 Kh5 73. Bf6 Re6 74. Bc3 Re3 75. Bd4 Rf3+ 76. Kg7 Rd3 77. Bc5 Rd7+ 78.
Nf7 Bd3 79. Kf6 Rd5 80. g7 Rf5+ 81. Ke7 1-0

[Event "40 Obert Ciutat de Badalona 2014 B"]
[Site "Badalona ESP"]
[Date "2014.08.03"]
[Round "2.3"]
[White "Sumelzo Lozano, Josep"]
[Black "Massanet Miret, Pere"]
[Result "1/2-1/2"]
[WhiteElo "2078"]
[BlackElo "1953"]
[PlyCount "101"]
[EventDate "2014.08.02"]
[EventType "swiss"]
[EventRounds "9"]
[EventCountry "ESP"]
[Source "lmi"]
[SourceDate "2014.08.02"]

1. d4 f5 2. Nf3 Nf6 3. e3 e6 4. Bd3 Be7 5. O-O O-O 6. c4 d5 7. b3 c6 8. cxd5
cxd5 9. Ne5 Nbd7 10. f4 a6 11. Nd2 Nxe5 12. fxe5 Ne4 13. Nxe4 fxe4 14. Rxf8+
Qxf8 15. Be2 Bd7 16. Bd2 g6 17. Rc1 Rc8 18. Rxc8 Qxc8 19. Qc1 Qxc1+ 20. Bxc1
Kg7 21. Bd2 h5 22. Ba5 Kh6 23. Kf2 Bh4+ 24. g3 Be7 25. Bd1 Bb5 26. Be2 Bxe2 27.
Kxe2 Kg5 28. h3 Kh6 29. Kd1 Kg7 30. Kc2 Kf7 31. Kc3 Bg5 32. Kd2 Ke7 33. Bb4+
Kd7 34. Bf8 Kc6 35. a4 a5 36. Ba3 Kd7 37. Ke2 Bh6 38. Kf2 Bg5 39. Bc1 Kc6 40.
Bd2 Bd8 41. h4 b5 42. Kg2 b4 43. Kh3 Kd7 44. Be1 Ke8 45. g4 hxg4+ 46. Kxg4 Kf7
47. Bg3 Be7 48. Bf4 Bd8 49. Bh6 Be7 50. Bg5 Bxg5 51. Kxg5 1/2-1/2

[Event "40 Obert Ciutat de Badalona 2014 B"]
[Site "Badalona ESP"]
[Date "2014.08.03"]
[Round "2.4"]
[White "Catarineu Navines, Federico"]
[Black "Garcia Punzano, Josep Lluis"]
[Result "1-0"]
[WhiteElo "2075"]
[BlackElo "1950"]
[PlyCount "121"]
[EventDate "2014.08.02"]
[EventType "swiss"]
[EventRounds "9"]
[EventCountry "ESP"]
[Source "lmi"]
[SourceDate "2014.08.02"]

1. d4 Nf6 2. c4 g6 3. Nc3 Bg7 4. e4 d6 5. f4 O-O 6. Nf3 c5 7. d5 e6 8. dxe6
fxe6 9. Bd3 Nc6 10. O-O a6 11. Kh1 Nh5 12. g3 Nd4 13. Nxd4 cxd4 14. Nb1 b6 15.
Nd2 Bb7 16. Nf3 Qc8 17. Kg1 Nf6 18. Qe2 Nd7 19. b4 a5 20. Bb2 e5 21. fxe5 dxe5
22. a3 Qe8 23. c5 h6 24. cxb6 axb4 25. axb4 Nxb6 26. Rxa8 Bxa8 27. b5 Kh7 28.
Ra1 Bb7 29. Ba3 Rf7 30. Kg2 Bf8 31. Bc1 Bg7 32. Bd2 Qe7 33. Bc2 Qc5 34. Bd3 Nd7
35. Rc1 Qb6 36. Nh4 Nc5 37. Bb4 Nxd3 38. Qxd3 Qe6 39. Nf3 Qg4 40. Re1 Bc8 41.
Bd6 Qe6 42. Bc5 Rc7 43. Bb4 Qb6 44. Rb1 Bd7 45. Bd2 Rb7 46. Qa3 Bxb5 47. Qa8
Bf1+ 48. Rxf1 Qb5 49. Rf2 Rd7 50. Qe8 Qb7 51. Re2 Re7 52. Qd8 Bf6 53. Qa5 Qb3
54. Qa6 Rf7 55. Rf2 Kg7 56. Qa8 Be7 57. Qd5 Qxd5 58. exd5 e4 59. Nxd4 Bc5 60.
Be3 Rd7 61. Ne6+ 1-0

[Event "40 Obert Ciutat de Badalona 2014 B"]
[Site "Badalona ESP"]
[Date "2014.08.03"]
[Round "2.5"]
[White "Pla Carulla, Joaquim"]
[Black "Romero Funieles, Rafael de Jesus"]
[Result "1-0"]
[WhiteElo "2065"]
[BlackElo "1939"]
[PlyCount "97"]
[EventDate "2014.08.02"]
[EventType "swiss"]
[EventRounds "9"]
[EventCountry "ESP"]
[Source "lmi"]
[SourceDate "2014.08.02"]

1. e4 e5 2. c4 Bc5 3. Nc3 Nc6 4. g3 Qf6 5. Nf3 Nd4 6. Nxd4 Bxd4 7. Qe2 c6 8.
Bg2 d6 9. O-O Nh6 10. h3 Qg6 11. Kh2 f5 12. d3 Bd7 13. f4 O-O-O 14. Be3 Nf7 15.
Qf2 Bxe3 16. Qxe3 Kb8 17. b4 exf4 18. Qxf4 Ne5 19. exf5 Qf7 20. Be4 Qh5 21. g4
Qh4 22. Qg3 Qg5 23. Qf4 Qh4 24. g5 Qh5 25. c5 Nf7 26. Rg1 Ne5 27. d4 Nc4 28.
Bf3 Qf7 29. Bg4 h5 30. gxh6 Rxh6 31. Rgf1 Ka8 32. Ne4 d5 33. Ng5 Qf6 34. Ne6
Bxe6 35. fxe6 Qxf4+ 36. Rxf4 Ne3 37. Re1 Nxg4+ 38. Rxg4 a6 39. e7 Re8 40. Rxg7
Rhh8 41. Kg3 Kb8 42. Kg4 Kc7 43. h4 Kd7 44. Kg5 Rhg8 45. Rxg8 Rxg8+ 46. Kf6 Ke8
47. h5 Rh8 48. Re5 Rh6+ 49. Kg7 1-0

[Event "40 Obert Ciutat de Badalona 2014 B"]
[Site "Badalona ESP"]
[Date "2014.08.03"]
[Round "2.6"]
[White "Romero Castejón, Daniel"]
[Black "Ritter Aguilar, Jordi"]
[Result "0-1"]
[WhiteElo "1933"]
[BlackElo "2065"]
[PlyCount "40"]
[EventDate "2014.08.02"]
[EventType "swiss"]
[EventRounds "9"]
[EventCountry "ESP"]
[Source "lmi"]
[SourceDate "2014.08.02"]

1. d4 e6 2. c4 c5 3. d5 exd5 4. cxd5 d6 5. g3 Ne7 6. e4 Ng6 7. Bg2 Be7 8. Ne2
O-O 9. O-O b5 10. a4 b4 11. Nd2 Ba6 12. Re1 Nd7 13. b3 Nde5 14. Qc2 Bf6 15. Ra2
Rb8 16. f4 Nd3 17. Rd1 c4 18. Nf1 Nc5 19. Nd2 c3 20. Nf3 Bxe2 0-1

[Event "40 Obert Ciutat de Badalona 2014 B"]
[Site "Badalona ESP"]
[Date "2014.08.03"]
[Round "2.7"]
[White "Martin Villanova, Jordi"]
[Black "Sole Bove, Josep"]
[Result "0-1"]
[WhiteElo "2062"]
[BlackElo "1934"]
[PlyCount "124"]
[EventDate "2014.08.02"]
[EventType "swiss"]
[EventRounds "9"]
[EventCountry "ESP"]
[Source "lmi"]
[SourceDate "2014.08.02"]

1. Nf3 Nf6 2. g3 b6 3. Bg2 Bb7 4. c4 g6 5. Nc3 Bg7 6. O-O O-O 7. d4 d6 8. Re1
Nbd7 9. e4 e5 10. d5 a5 11. Rb1 Nc5 12. b3 Bc8 13. h3 Bd7 14. a3 Nh5 15. b4
axb4 16. axb4 Na4 17. Nxa4 Rxa4 18. Bd2 Qe7 19. Nh2 Rfa8 20. Ng4 Qf8 21. Ne3
Ra2 22. Qc1 R8a4 23. Nd1 Ra7 24. Nc3 R2a3 25. Bf3 Nf6 26. Qb2 Qa8 27. Bg2 Nh5
28. Rec1 f5 29. c5 dxc5 30. bxc5 bxc5 31. exf5 gxf5 32. d6 e4 33. Qb8+ Qxb8 34.
Rxb8+ Kf7 35. dxc7 Rxc7 36. Nd5 Rca7 37. Rxc5 Nxg3 38. Nb6 Be6 39. Be3 Ne2+ 40.
Kf1 Nd4 41. Rc1 Ra1 42. Ke1 Rxc1+ 43. Bxc1 Ra1 44. Rb7+ Kg6 45. Rc7 Nb3 46. Kd1
Bh6 47. Rc6 Rxc1+ 48. Rxc1 Nxc1 49. Bf1 Bb3+ 50. Ke1 Bf4 51. Bb5 Nd3+ 52. Ke2
Bc7 53. Na8 Ba5 54. Bc6 Nf4+ 55. Ke3 Nxh3 56. f3 exf3 57. Bxf3 Kg5 58. Bg2 f4+
59. Ke2 Kg4 60. Be4 Bc4+ 61. Bd3 Bxd3+ 62. Kxd3 f3 0-1

[Event "40 Obert Ciutat de Badalona 2014 B"]
[Site "Badalona ESP"]
[Date "2014.08.03"]
[Round "2.8"]
[White "Delgadillo Torrico, Felipe"]
[Black "Urrutia Mule, Oriol"]
[Result "0-1"]
[WhiteElo "2053"]
[BlackElo "1933"]
[PlyCount "128"]
[EventDate "2014.08.02"]
[EventType "swiss"]
[EventRounds "9"]
[EventCountry "ESP"]
[Source "lmi"]
[SourceDate "2014.08.02"]

1. e4 c5 2. Nf3 Nc6 3. d4 cxd4 4. Nxd4 g6 5. Be2 Bg7 6. c3 Nf6 7. Nxc6 bxc6 8.
Qc2 O-O 9. O-O d5 10. Nd2 Qc7 11. exd5 cxd5 12. Nf3 Bf5 13. Bd3 Bxd3 14. Qxd3
e5 15. Nd2 Rad8 16. Nb3 Ne4 17. Be3 f5 18. f3 Nf6 19. Rac1 e4 20. Qd1 Rfe8 21.
Bd4 e3 22. Qe2 Nh5 23. g3 f4 24. g4 Nf6 25. Rfe1 Nd7 26. Bxg7 Kxg7 27. Qd3 Ne5
28. Qd4 Qc4 29. Kg2 Qxd4 30. cxd4 Nd3 31. Rc7+ Kg8 32. Re2 a6 33. Nc5 Nc1 34.
Re1 Nxa2 35. Nd7 Kf7 36. Ne5+ Kg8 37. Nd7 Re7 38. Nf6+ Kf7 39. Rxe7+ Kxe7 40.
Nxh7 Rb8 41. Re2 Nc1 42. Rc2 Nd3 43. Kf1 Rxb2 44. Rxb2 Nxb2 45. g5 a5 46. Nf6
Ke6 47. Ne8 a4 48. Nc7+ Kd6 49. Nb5+ Kd7 50. h4 Nc4 51. Nc3 a3 52. Ke2 Ke6 53.
Kd3 Nd2 54. Ke2 Nb1 55. Na2 Kf5 56. Kd3 Nd2 57. Ke2 Nb3 58. Kd3 Ke6 59. Kc2
Nxd4+ 60. Kd3 Nxf3 61. Nc3 Ng1 62. Nb5 a2 63. Nd4+ Kf7 64. Nc2 e2 0-1

[Event "40 Obert Ciutat de Badalona 2014 B"]
[Site "Badalona ESP"]
[Date "2014.08.03"]
[Round "2.9"]
[White "Baltasar Diaz, Vicente"]
[Black "Lorente Muñoz, Raul"]
[Result "1-0"]
[WhiteElo "1932"]
[BlackElo "2028"]
[PlyCount "55"]
[EventDate "2014.08.02"]
[EventType "swiss"]
[EventRounds "9"]
[EventCountry "ESP"]
[Source "lmi"]
[SourceDate "2014.08.02"]

1. e4 c6 2. d4 d5 3. e5 Bf5 4. h4 h6 5. g4 Be4 6. f3 Bh7 7. e6 fxe6 8. Bd3 Qd6
9. f4 Nf6 10. Bxh7 Rxh7 11. Qd3 Rh8 12. Qg6+ Kd8 13. Nf3 Nfd7 14. Ne5 Nxe5 15.
fxe5 Qd7 16. Nc3 c5 17. Ne2 Nc6 18. c3 Qe8 19. Qb1 g5 20. hxg5 h5 21. Nf4 h4
22. Nxe6+ Kc8 23. Qf5 Kb8 24. g6 cxd4 25. cxd4 Rg8 26. Rxh4 Bg7 27. Rh7 Bxe5
28. dxe5 1-0

[Event "40 Obert Ciutat de Badalona 2014 B"]
[Site "Badalona ESP"]
[Date "2014.08.03"]
[Round "2.10"]
[White "Martinez Perez, Sergio"]
[Black "Viñas Serrano, Jordi"]
[Result "0-1"]
[WhiteElo "1930"]
[BlackElo "2026"]
[PlyCount "58"]
[EventDate "2014.08.02"]
[EventType "swiss"]
[EventRounds "9"]
[EventCountry "ESP"]
[Source "lmi"]
[SourceDate "2014.08.02"]

1. e4 e6 2. d4 d5 3. e5 c5 4. Nf3 cxd4 5. Nxd4 Nc6 6. Nxc6 bxc6 7. Be3 c5 8. c3
Qc7 9. Bb5+ Bd7 10. Qa4 Rb8 11. Bxd7+ Qxd7 12. Qxd7+ Kxd7 13. b3 h5 14. O-O Nh6
15. f4 Nf5 16. Bf2 Be7 17. Nd2 Rhd8 18. Nf3 a6 19. Rfb1 Ke8 20. Rd1 Rb7 21. Rd2
Rdb8 22. Rb2 a5 23. a3 Rc8 24. b4 cxb4 25. cxb4 axb4 26. axb4 Rxb4 27. Rxb4
Bxb4 28. Nd2 Bxd2 29. Bd4 Nxd4 0-1

[Event "40 Obert Ciutat de Badalona 2014 B"]
[Site "Badalona ESP"]
[Date "2014.08.04"]
[Round "3.1"]
[White "Garcia Sanchez, Aitor"]
[Black "Catarineu Navines, Federico"]
[Result "1-0"]
[WhiteElo "1967"]
[BlackElo "2075"]
[PlyCount "78"]
[EventDate "2014.08.02"]
[EventType "swiss"]
[EventRounds "9"]
[EventCountry "ESP"]
[Source "lmi"]
[SourceDate "2014.08.02"]

1. e4 d5 2. exd5 Nf6 3. d4 Nxd5 4. c4 Nb6 5. Nc3 Nc6 6. d5 Ne5 7. Bf4 Ng6 8.
Bg3 e6 9. dxe6 Qxd1+ 10. Rxd1 Bxe6 11. Nb5 Bb4+ 12. Nc3 Nxc4 13. Bxc4 Bxc4 14.
Nge2 O-O 15. Rd4 Bxc3+ 16. Nxc3 Rfe8+ 17. Kd2 Rad8 18. Rxd8 Rxd8+ 19. Kc2 Bd3+
20. Kb3 c5 21. Na4 b6 22. Rd1 Bc4+ 23. Kc2 Rxd1 24. Kxd1 Bxa2 25. Kc2 Bd5 26.
Bb8 c4 27. Bxa7 b5 28. Nb6 Bxg2 29. Kc3 Ne5 30. Nc8 Bh3 31. Ne7+ Kf8 32. Nd5
Bd7 33. Bc5+ Ke8 34. Bd4 f6 35. Bxe5 fxe5 36. Kb4 Kf7 37. Nc7 g5 38. Nxb5 g4
39. Kxc4 h5 1-0